Missing Countries on a Map - A - Statistics

General Stats
  • This quiz has been taken 9,602 times
  • The average score is 26 of 30
Answers on the Map
Answers color-coded by a green-red scale on the quiz's map according to % correct below.
 
Answer Stats
Answer % Correct
M Mexico
99%
E Egypt
97%
P Peru
97%
N Niger
95%
S Sweden
95%
T Turkey
95%
U United Kingdom
94%
Y Yemen
94%
B Belgium
93%
C Chile
93%
C Czech Republic
93%
B Benin
92%
T Togo
92%
G Greece
89%
K Kosovo
89%
L Lesotho
88%
R Republic of the Congo
86%
M Morocco
85%
F Fiji
84%
M Montenegro
84%
C Comoros
80%
B Burundi
79%
S Seychelles
79%
L Luxembourg
78%
P Philippines
76%
D Djibouti
75%
C Cyprus
74%
B Belize
72%
L Liechtenstein
69%
B Brunei
65%
No matching quizzes found
Score Distribution
Percent of People with Each Score
Percentile by Number Answered
Your Score History
You have not taken this quiz